Rozbor výkazov o vysokých školách za školské roky 1970/71-1974/75 v krajoch a okresoch SSR
Na minha lista:
| Autor principal: | |
|---|---|
| Formato: | Livro |
| Idioma: | eslovaco |
| Publicado em: |
Bratislava
Ústav školských informácií
1975
|
| Tags: |
Sem tags, seja o primeiro a adicionar uma tag!
|
MARC
| LEADER | 00000nam a2200000 4500 | ||
|---|---|---|---|
| 001 | c120527 | ||
| 005 | 20150326095129.0 | ||
| 041 | 0 | |a slo | |
| 044 | |a SK | ||
| 245 | 1 | 0 | |a Rozbor výkazov o vysokých školách za školské roky 1970/71-1974/75 v krajoch a okresoch SSR |c Milan Vrábel |
| 264 | 1 | |a Bratislava |b Ústav školských informácií |c 1975 | |
| 300 | |a 40 s. | ||
| 100 | 1 | |a Vrábel, Milan | |